ბათუმის შოთა რუსთაველის სახელმწიფო უნივერსიტეტის ბიბლიოთეკა

საბიბლიოთეკო დოკუმენტების ანალიტიკური ბიბლიოგრაფიული აღწერილობა. (ბიბ.ჩანაწერი № 53179)

000 -LEADER
fixed length control field 01118nam a2200229Ia 4500
001 - CONTROL NUMBER
control field 20220
003 - CONTROL NUMBER IDENTIFIER
control field GE_BSU
008 - FIXED-LENGTH DATA ELEMENTS--GENERAL INFORMATION
fixed length control field 181216s||||||||xx |||||||||||||| ||und||
040 ## - CATALOGING SOURCE
Transcribing agency GE_BSU
080 ## - UNIVERSAL DECIMAL CLASSIFICATION NUMBER
Universal Decimal Classification number 025.3
245 ## - TITLE STATEMENT
Title საბიბლიოთეკო დოკუმენტების ანალიტიკური ბიბლიოგრაფიული აღწერილობა.
245 ## - TITLE STATEMENT
Remainder of title მეთოდურ-ინსტრუქციული წერილი
245 ## - TITLE STATEMENT
Statement of responsibility, etc. შემდგ. მარიკა კალანდარიშვილი. რედ. გურამ თაყნიაშვილი
250 ## - EDITION STATEMENT
Edition statement საქ. პარლამენტის ეროვნული ბიბლ-კა
260 ## - PUBLICATION, DISTRIBUTION, ETC.
Place of publication, distribution, etc. თბილისი
260 ## - PUBLICATION, DISTRIBUTION, ETC.
Date of publication, distribution, etc. 2007
300 ## - PHYSICAL DESCRIPTION
Extent 20გვ.
653 ## - INDEX TERM--UNCONTROLLED
Uncontrolled term საბიბლიოთეკო დოკუმენტების ანალიტიკური ბიბლიოგრაფიული აღწერილობა.
653 ## - INDEX TERM--UNCONTROLLED
Uncontrolled term ქსეროქსი
942 ## - ADDED ENTRY ELEMENTS (KOHA)
Koha item type წიგნი
ეგზემპლარები
Withdrawn status Lost status Damaged status Not for loan Date acquired Barcode Date last seen Price effective from Koha item type Public note
        2018-12-17 00447 2018-12-17 2018-12-17 წიგნი ქსეროქსი